[Event "VIE-ch U11"]
[Site "Ho Chi Minh City"]
[Date "2014.07.15"]
[Round "4"]
[White "Doan, Nguyen Thanh Dat"]
[Black "Quan, Phu Long"]
[Result "1/2-1/2"]
[WhiteElo "1988"]
[BlackElo "1953"]
[PlyCount "112"]
[EventDate "2014.07.13"]
[EventType "swiss"]
[EventRounds "9"]
[EventCountry "VIE"]
[SourceTitle "EXT 2016"]
[Source "ChessBase"]
[SourceDate "2015.10.08"]
[SourceVersion "1"]
[SourceVersionDate "2015.10.08"]
[SourceQuality "1"]

1. e4 e5 2. Nf3 d6 3. Nc3 Be7 4. Be2 Nf6 5. 0-0 0-0 6. d4 Nc6 7. d5 Nb8 8. h3 c6 9. Be3 cxd5 10. exd5 Bf5 11. Nh2 Qc8 12. Ng4 Bxg4 13. Bxg4 Nxg4 14. Qxg4 Qxg4 15. hxg4 f5 16. gxf5 Rxf5 17. f4 Nd7 18. fxe5 Rxf1+ 19. Rxf1 Nxe5 20. Bd4 Nd7 21. Rf3 Bf6 22. Bxf6 Nxf6 23. Re3 Re8 24. Rxe8+ Nxe8 25. Kf2 Kf7 26. Ke3 Kf6 27. Kf4 a6 28. Ne4+ Kg6 29. c4 h5 30. g3 Kf7 31. b4 Ke7 32. c5 dxc5 33. bxc5 Nf6 34. d6+ Ke6 35. Nxf6 Kxf6 36. Ke4 Ke6 37. Kf4 b6 38. cxb6 Kxd6 39. b7 Kc7 40. b8Q+ Kxb8 41. Kg5 Kc7 42. Kxh5 Kd7 43. Kg6 Ke6 44. Kxg7 Kf5 45. Kf7 Kg4 46. Ke7 Kxg3 47. Kd6 Kf4 48. Kc5 Ke5 49. a4 a5 50. Kb5 Kd6 51. Kb6 Kd7 52. Kb7 Kd8 53. Kb6 Kc8 54. Kxa5 Kb7 55. Kb5 Ka7 56. a5 Ka8 1/2-1/2